000 00943nam a2200289Ia 4500
005 20220317001248.0
008 160825s1995 sp g 000 0 spa
020 _a8476726511
100 1 _aDefoe, Daniel
_d1660-1731
245 1 0 _aCuentos de crímenes y fantasmas
_cDaniel Defoe ; traducción Enrique Campbell
250 _a1a. edición
300 _a125 páginas
_c19 cm
490 _aFontana
650 1 4 _2LEMB
_aCuentos ingleses
_ySiglo XVIII
650 1 4 _2LEMB
_aLiteratura inglesa
_ySiglo XVIII
650 1 4 _2LEMB
_aCuentos de terror
650 1 4 _2LEMB
_aMiedo en la literatura
650 1 4 _2LEMB
_aFantasmas en la literatura
700 1 _aCampbell, Enrique
_968450
942 _2loc
_cBKLIT
264 _aBarcelona
_bEdicomunicación
_c1995
336 _atexto
_btxt
_2rdacontent
337 _asin mediación
_bn
_2rdamedia
338 _avolumen
_bnc
_2rdacarrier
040 _aCO-BoRNBP
_bspa
_erda
_cCO-BoRNBP
084 _aC DEF1
999 _c6427
_d6427